[Event "XXXII Festival Conca della Presolana Magistrale"]
[Site "Bratto - Castione della Presolana ITA"]
[Date "2012.08.24"]
[Round "7"]
[White "Sharma, Dinesh K."]
[Black "Arun Prasad, Subramanian"]
[WhiteElo "2361"]
[BlackElo "2531"]
[Result "1/2-1/2"]
[PlyCount "126"]
[EventDate "2012.08.18"]

1. e4 c5 2. Nf3 d6 3. d4 cxd4 4. Nxd4 Nf6 5. Nc3 a6 6. Be2 e5 7. Nb3 Be7 8. O-O
O-O 9. Be3 Be6 10. f4 exf4 11. Rxf4 Nc6 12. Nd4 Nxd4 13. Qxd4 Nd7 14. Rff1 Rc8
15. Rad1 Ne5 16. Rd2 h6 17. Nd5 Bxd5 18. Qxd5 Bg5 19. Bxg5 Qxg5 20. Rfd1 Rc6
21. Qb3 Qe7 22. Qe3 Re8 23. c3 Qc7 24. h3 Re6 25. Rd4 Qe7 26. Qd2 Qh4 27. Qe1
Qe7 28. Qd2 Kf8 29. Kh2 Qg5 30. Qxg5 hxg5 31. Kg3 Ke7 32. Bg4 Rf6 33. Be2 Rc5
34. Rf1 Rxf1 35. Bxf1 a5 36. Be2 b6 37. Kf2 Nc6 38. Rc4 f6 39. Ke3 Ke6 40. Rxc5
dxc5 41. a4 Ke5 42. Bb5 Nd8 43. Bc4 Nb7 44. Ba6 Nd6 45. Bd3 Nf7 46. Bc4 Nh8 47.
Bb5 Ng6 48. Bc4 Nf4 49. Bf1 Kd6 50. Kf3 Ng6 51. Ke3 Ne5 52. Be2 Ke7 53. Bf1 Kf7
54. Be2 Kg6 55. Kf2 Kf7 56. Ke3 Ke6 57. Bf1 Kd6 58. Be2 Ng6 59. Bf1 Ke5 60. Bc4
Ne7 61. Bb5 Nc8 62. Ba6 Nd6 63. Bd3 Nc8 1/2-1/2

[Event "XXXII Festival Conca della Presolana Magistrale"]
[Site "Bratto - Castione della Presolana ITA"]
[Date "2012.08.25"]
[Round "8"]
[White "Alberton, Roberto"]
[Black "Ranfagni, Stefano"]
[WhiteElo "2108"]
[BlackElo "1980"]
[Result "0-1"]
[PlyCount "88"]
[EventDate "2012.08.18"]

1. e4 e6 2. d4 d5 3. Nd2 Nf6 4. e5 Nfd7 5. Bd3 c5 6. c3 Nc6 7. Ne2 cxd4 8. cxd4
f6 9. exf6 Nxf6 10. O-O Bd6 11. Nf3 O-O 12. Bf4 Bxf4 13. Nxf4 Ne4 14. Nh5 g6
15. Ng3 Ng5 16. Nxg5 Qxg5 17. Bb5 Bd7 18. Bxc6 Bxc6 19. f4 Rxf4 20. Rxf4 Qxf4
21. Qd3 Rf8 22. Rf1 Qd6 23. Rxf8+ Qxf8 24. h4 Qf6 25. h5 Kg7 26. Qe3 g5 27. Ne2
Kf7 28. Qe5 Bb5 29. Qc7+ Qe7 30. Qc2 Bxe2 31. Qxe2 Qf6 32. Qd3 Kg7 33. Qd1 Qf4
34. g4 Kf6 35. Kg2 e5 36. dxe5+ Kxe5 37. Kh3 Qe3+ 38. Kg2 d4 39. Qf1 Qe4+ 40.
Kh3 d3 41. Qf7 Qh1+ 42. Kg3 Qh4+ 43. Kf3 Qh3+ 44. Kf2 Qh2+ 0-1

[Event "XXXII Festival Conca della Presolana Magistrale"]
[Site "Bratto - Castione della Presolana ITA"]
[Date "2012.08.25"]
[Round "8"]
[White "Arun Prasad, Subramanian"]
[Black "Cebalo, Miso"]
[WhiteElo "2531"]
[BlackElo "2435"]
[Result "1-0"]
[PlyCount "79"]
[EventDate "2012.08.18"]

1. d4 Nf6 2. c4 c5 3. d5 e6 4. Nc3 exd5 5. cxd5 d6 6. Nf3 g6 7. Bf4 a6 8. a4
Nh5 9. Bg5 Be7 10. Bh6 Bf6 11. h3 Bg7 12. Bxg7 Nxg7 13. Nd2 Nd7 14. e3 O-O 15.
Be2 Re8 16. O-O Nf6 17. Nc4 b6 18. Rb1 Bf5 19. Bd3 Bxd3 20. Qxd3 Rb8 21. Na3
Qc8 22. Rfc1 Nf5 23. b4 cxb4 24. Na2 Qd7 25. Nxb4 Re4 26. Nc6 Rbe8 27. Nc4 Nh4
28. Rxb6 Qf5 29. Nxd6 Qg5 30. Qf1 Rxe3 31. Nxe8 Nf3+ 32. Kh1 Ne4 33. Rb8 Qg3
34. Nf6+ Kg7 35. Ng4 Qf4 36. Rb4 Nfd2 37. Rxe4 Rxe4 38. Qd3 h5 39. Qc3+ f6 40.
Nxf6 1-0

[Event "XXXII Festival Conca della Presolana Magistrale"]
[Site "Bratto - Castione della Presolana ITA"]
[Date "2012.08.25"]
[Round "8"]
[White "Bemporad, Filippo"]
[Black "Sala, Giovanni"]
[WhiteElo "2079"]
[BlackElo "2022"]
[Result "1/2-1/2"]
[PlyCount "68"]
[EventDate "2012.08.18"]

1. d4 f5 2. g3 e6 3. Bg2 Nf6 4. c4 c6 5. Nh3 d5 6. O-O Bd6 7. Bf4 Be7 8. Qc2
O-O 9. Nd2 h6 10. Bxb8 Rxb8 11. Nf4 Qe8 12. Nf3 Bd6 13. Nd3 b6 14. Nfe5 Bb7 15.
b4 Ng4 16. Nxg4 fxg4 17. e4 Qh5 18. exd5 exd5 19. c5 bxc5 20. Nxc5 Bxc5 21.
bxc5 Ba6 22. Rfe1 Qf7 23. Rad1 Rb7 24. Bf1 Bxf1 25. Rxf1 Re7 26. Rde1 Rfe8 27.
Qd2 Qf6 28. Rxe7 Rxe7 29. Re1 Rxe1+ 30. Qxe1 Qxd4 31. Qe8+ Kh7 32. Qxc6 Qd1+
33. Kg2 Qf3+ 34. Kg1 Qd1+ 1/2-1/2

[Event "XXXII Festival Conca della Presolana Magistrale"]
[Site "Bratto - Castione della Presolana ITA"]
[Date "2012.08.25"]
[Round "8"]
[White "Bonade', Massimo"]
[Black "Gonella, Daniele"]
[WhiteElo "2081"]
[BlackElo "2157"]
[Result "1/2-1/2"]
[PlyCount "113"]
[EventDate "2012.08.18"]

1. d4 Nf6 2. c4 g6 3. Nc3 d5 4. Bf4 Bg7 5. e3 c5 6. dxc5 Qa5 7. Rc1 dxc4 8.
Bxc4 O-O 9. Nf3 Qxc5 10. Bb3 Nc6 11. O-O Qa5 12. Qe2 Bf5 13. h3 Ne4 14. Nd5 e5
15. Rxc6 exf4 16. Rc7 Be6 17. Ne7+ Kh8 18. Rfc1 Bxb3 19. axb3 Ng5 20. exf4 Ne6
21. Rxb7 Nxf4 22. Qc4 Ne6 23. Nc6 Qf5 24. Nxa7 Nf4 25. Rb5 Qf6 26. Nc6 Nxh3+
27. Kf1 Nf4 28. Nce5 Rad8 29. Rb7 Ne6 30. Nd7 Qe7 31. Nxf8 Qxb7 32. Nxe6 fxe6
33. Qxe6 Bxb2 34. Re1 Bc3 35. Rc1 Bb2 36. Rb1 Bc3 37. Kg1 Qd5 38. Qxd5 Rxd5 39.
Kf1 Kg7 40. Ke2 Kf6 41. Rc1 Bb4 42. Rc6+ Kf5 43. Rb6 Bc3 44. Rc6 Bb4 45. Rc4
Bc5 46. Ra4 Bb6 47. Rb4 Bd8 48. Rb7 h5 49. b4 g5 50. Ke3 Bf6 51. Rh7 h4 52. Rc7
g4 53. Rc5 Rxc5 54. bxc5 gxf3 55. Kxf3 Be5 56. c6 Bc7 57. Ke3 1/2-1/2

[Event "XXXII Festival Conca della Presolana Magistrale"]
[Site "Bratto - Castione della Presolana ITA"]
[Date "2012.08.25"]
[Round "8"]
[White "Bresciani, Nicola"]
[Black "Gioseffi, Massimiliano"]
[WhiteElo "2255"]
[BlackElo "2128"]
[Result "1/2-1/2"]
[PlyCount "129"]
[EventDate "2012.08.18"]

1. e4 e6 2. d4 d5 3. Nd2 c5 4. exd5 Qxd5 5. Ngf3 cxd4 6. Bc4 Qd6 7. O-O Nf6 8.
Nb3 Nc6 9. Nbxd4 Nxd4 10. Nxd4 a6 11. Bb3 Qc7 12. Qf3 Bd6 13. h3 O-O 14. Bg5
Nd7 15. c3 Ne5 16. Qh5 Ng6 17. Bc2 Bh2+ 18. Kh1 Bf4 19. Bxf4 Qxf4 20. Nf3 Qh6
21. Qxh6 gxh6 22. Rad1 b5 23. Be4 Ra7 24. Rd6 Rc7 25. Bc6 Ne7 26. Be4 Rc4 27.
Nd2 Rc7 28. Nb3 Rc4 29. Re1 Kg7 30. a3 Re8 31. Nd2 Rc5 32. Nb3 Rc4 33. Nd4 Rc7
34. f4 Rd7 35. Rxd7 Bxd7 36. Rd1 Bc8 37. Kh2 Ng6 38. Bc6 Re7 39. Rf1 Rc7 40. g3
Ne7 41. Bf3 Bb7 42. Bxb7 Rxb7 43. Re1 Rb6 44. Kg2 Nc6 45. Rd1 Na5 46. b3 Nc6
47. Nxc6 Rxc6 48. Rd3 h5 49. Kf3 Kg6 50. Ke4 h4 51. g4 h5 52. g5 f6 53. gxf6
Kxf6 54. c4 bxc4 55. Rc3 Rb6 56. bxc4 Rb1 57. c5 Ke7 58. c6 Re1+ 59. Kd4 Kd8
60. Rc5 Rh1 61. Rxh5 Rxh3 62. Ke5 Kc7 63. Kxe6 Rxa3 64. Rxh4 Re3+ 65. Kf7
1/2-1/2

[Event "XXXII Festival Conca della Presolana Magistrale"]
[Site "Bratto - Castione della Presolana ITA"]
[Date "2012.08.25"]
[Round "8"]
[White "Brun, Dario"]
[Black "Formento, Paolo"]
[WhiteElo "2262"]
[BlackElo "2147"]
[Result "1/2-1/2"]
[PlyCount "120"]
[EventDate "2012.08.18"]

1. d4 d5 2. c4 e6 3. Nc3 Nf6 4. cxd5 exd5 5. Bg5 c6 6. e3 Be7 7. Qc2 Nbd7 8.
Bd3 O-O 9. Nge2 h6 10. Bh4 Re8 11. O-O Ne4 12. Bxe7 Qxe7 13. Bxe4 dxe4 14. Ng3
Nf6 15. h3 h5 16. f3 Nd5 17. Nxd5 cxd5 18. Nxh5 Bxh3 19. Nf4 Bf5 20. Rae1 Rac8
21. Qd2 exf3 22. Nxd5 Qh4 23. Qf2 Qxf2+ 24. Rxf2 Be4 25. Nc3 fxg2 26. Rf4 f5
27. Nxe4 Rxe4 28. Rxe4 fxe4 29. Re2 Kf7 30. Kxg2 Ke6 31. Rf2 Rc1 32. Kg3 g5 33.
Rf8 Rg1+ 34. Kh3 Rb1 35. Re8+ Kd6 36. b3 Rb2 37. Rxe4 Rxa2 38. Re5 Ra3 39. b4
Kc6 40. Kg4 Rb3 41. Kf5 g4 42. Ke6 g3 43. d5+ Kb5 44. d6+ Kxb4 45. d7 Rd3 46.
e4 Rd4 47. Rd5 Rxd5 48. exd5 g2 49. d8=Q g1=Q 50. Qe7+ Kc4 51. d6 Qg4+ 52. Kf7
Qh5+ 53. Kg8 Qg4+ 54. Kf8 Qc8+ 55. Qe8 Qc5 56. Qe6+ Kb4 57. Ke8 Qc6+ 58. Ke7
Qc5 59. Ke8 Qc6+ 60. Ke7 Qc5 1/2-1/2

[Event "XXXII Festival Conca della Presolana Magistrale"]
[Site "Bratto - Castione della Presolana ITA"]
[Date "2012.08.25"]
[Round "8"]
[White "Casadei, Mauro"]
[Black "Giuriato, Sergio"]
[WhiteElo "2165"]
[BlackElo "2003"]
[Result "1-0"]
[PlyCount "101"]
[EventDate "2012.08.18"]

1. e4 Nc6 2. Nf3 e5 3. Bb5 a6 4. Bxc6 dxc6 5. O-O Bg4 6. d3 Qf6 7. h3 Bxf3 8.
Qxf3 Qxf3 9. gxf3 Bd6 10. Nd2 f6 11. Nc4 g5 12. h4 gxh4 13. f4 exf4 14. Nxd6+
cxd6 15. Bxf4 O-O-O 16. Kh2 Ne7 17. Kh3 Rhg8 18. Bh2 d5 19. Rae1 dxe4 20. Rxe4
Ng6 21. Rfe1 f5 22. Re6 Rgf8 23. Bd6 Rf7 24. c4 Nf8 25. Re8 Kd7 26. Rxd8+ Kxd8
27. Kxh4 Ng6+ 28. Kg5 Kd7 29. c5 Nf8 30. Bxf8 Rxf8 31. Re5 f4 32. Re4 f3 33.
Re3 Rf7 34. Kg4 a5 35. Re4 Kc7 36. Re3 b6 37. d4 Rd7 38. Kxf3 Rxd4 39. Re7+ Kd8
40. Rxh7 bxc5 41. Rb7 Kc8 42. Re7 Kd8 43. Re4 Rd2 44. Re2 Rd4 45. Ke3 Ke7 46.
Rd2 Rd5 47. f4 Ke6 48. Rc2 Rd8 49. b3 Rd4 50. Rd2 Kd5 51. Rd3 1-0

[Event "XXXII Festival Conca della Presolana Magistrale"]
[Site "Bratto - Castione della Presolana ITA"]
[Date "2012.08.25"]
[Round "8"]
[White "Casagrande, Fabio"]
[Black "Cacciola, Alfredo"]
[WhiteElo "1981"]
[BlackElo "2114"]
[Result "1-0"]
[PlyCount "51"]
[EventDate "2012.08.18"]

1. e4 c5 2. Nc3 Nc6 3. f4 g6 4. Nf3 Bg7 5. Bb5 Nd4 6. O-O Nxb5 7. Nxb5 d5 8.
exd5 a6 9. Nc3 Nf6 10. d4 Nxd5 11. dxc5 Nxc3 12. Qxd8+ Kxd8 13. bxc3 Be6 14.
Nd4 Bc4 15. Rd1 Kc7 16. a4 Rad8 17. Be3 e6 18. Rdb1 e5 19. fxe5 Bxe5 20. Rb6
Bd5 21. Rab1 Bxd4 22. cxd4 Be4 23. Bf4+ Kd7 24. Bg5 Rc8 25. Rd6+ Ke8 26. d5 1-0

[Event "XXXII Festival Conca della Presolana Magistrale"]
[Site "Bratto - Castione della Presolana ITA"]
[Date "2012.08.25"]
[Round "8"]
[White "Cattaneo, Marco"]
[Black "Giretti Kanev, Jasen"]
[WhiteElo "2025"]
[BlackElo "2189"]
[Result "0-1"]
[PlyCount "34"]
[EventDate "2012.08.18"]

1. d4 Nf6 2. Nf3 b6 3. c4 e6 4. g3 Ba6 5. Qa4 c5 6. Bg2 Bb7 7. dxc5 Bxc5 8. Nc3
Nc6 9. O-O O-O 10. Rd1 h6 11. Bf4 Qe7 12. Ne5 g5 13. Nxd7 Nxd7 14. Bxc6 Bxf2+
15. Kxf2 Nc5 16. Bxg5 hxg5 17. Qb5 Ba6 0-1

[Event "XXXII Festival Conca della Presolana Magistrale"]
[Site "Bratto - Castione della Presolana ITA"]
[Date "2012.08.25"]
[Round "8"]
[White "Collutiis, Duilio"]
[Black "Genocchio, Daniele"]
[WhiteElo "2511"]
[BlackElo "2440"]
[Result "1-0"]
[PlyCount "81"]
[EventDate "2012.08.18"]

1. e4 e6 2. d3 d5 3. Nd2 Ne7 4. Ngf3 g6 5. g3 Bg7 6. Bg2 a5 7. a4 e5 8. O-O O-O
9. c3 Nbc6 10. exd5 Nxd5 11. Nc4 Ra6 12. Re1 Re8 13. Qb3 Nb6 14. Ng5 Qe7 15.
Be3 h6 16. Nxb6 cxb6 17. Ne4 Be6 18. Qa3 Qd8 19. c4 Nb4 20. Qb3 Qxd3 21. Qxd3
Nxd3 22. Re2 Rd8 23. Rd2 f5 24. Rad1 fxe4 25. Bxe4 Bxc4 26. Bxd3 Bxd3 27. Rxd3
Rxd3 28. Rxd3 Ra8 29. Rb3 Ra6 30. Bxb6 Bf8 31. Rb5 Bb4 32. Be3 h5 33. Rxe5 Rd6
34. Rb5 Rd1+ 35. Kg2 Ra1 36. Rxb7 Rxa4 37. Bd4 Bf8 38. Bc3 Ra2 39. Rb6 Kh7 40.
Rb8 Kg8 41. Ra8 1-0

[Event "XXXII Festival Conca della Presolana Magistrale"]
[Site "Bratto - Castione della Presolana ITA"]
[Date "2012.08.25"]
[Round "8"]
[White "Cugini, Verter"]
[Black "Podini, Francesco"]
[WhiteElo "2072"]
[BlackElo "2021"]
[Result "0-1"]
[PlyCount "154"]
[EventDate "2012.08.18"]

1. e4 c5 2. g3 Nc6 3. Bg2 g6 4. Ne2 Bg7 5. O-O d6 6. Nbc3 e6 7. d3 Rb8 8. a4 a6
9. Be3 b5 10. axb5 axb5 11. Qd2 b4 12. Nd1 Qb6 13. c3 bxc3 14. bxc3 Ba6 15. Ra2
Nge7 16. Nb2 O-O 17. Rfa1 Bb5 18. f4 f5 19. c4 Ba6 20. Na4 Qb4 21. Nac3 Nd4 22.
Bxd4 cxd4 23. Nb1 Qxd2 24. Nxd2 Bb7 25. exf5 Bxg2 26. Kxg2 gxf5 27. Nf3 Nc6 28.
Ng5 e5 29. Ra6 Rfc8 30. Kf1 Bf6 31. Nf3 e4 32. Ne1 Kf7 33. h3 h5 34. Nc1 Ke6
35. Nc2 Rb2 36. R6a2 Rcb8 37. Ke1 d5 38. cxd5+ Kxd5 39. Rxb2 Rxb2 40. Kd1 Be7
41. Ra8 Bd8 42. g4 fxg4 43. hxg4 hxg4 44. dxe4+ Kxe4 45. Ra3 Bh4 46. Nd3 Rb1+
47. Ke2 Rh1 48. Nce1 Bxe1 49. Nxe1 Rh2+ 50. Kf1 Rh3 51. Ra6 Nb4 52. Ra4 Nd5 53.
Ra8 Ne3+ 54. Kg1 Kxf4 55. Nd3+ Kg3 56. Nf2 Rh5 57. Nh1+ Kf3 58. Rd8 Rb5 59.
Rf8+ Nf5 60. Kh2 Rb2+ 61. Kg1 Kf4 62. Nf2 Rb1+ 63. Kg2 Rb5 64. Rf6 Rb3 65. Rf8
Re3 66. Nd1 Re2+ 67. Kf1 Rd2 68. Ke1 Ra2 69. Nf2 Ra3 70. Ke2 Re3+ 71. Kd2 g3
72. Nd3+ Kg4 73. Rg8+ Kh3 74. Nf4+ Kh2 75. Rh8+ Kg1 76. Ne2+ Kf2 77. Nc1 g2 0-1

[Event "XXXII Festival Conca della Presolana Magistrale"]
[Site "Bratto - Castione della Presolana ITA"]
[Date "2012.08.25"]
[Round "8"]
[White "David, Alberto"]
[Black "Janev, Evgeni"]
[WhiteElo "2595"]
[BlackElo "2457"]
[Result "1-0"]
[PlyCount "137"]
[EventDate "2012.08.18"]

1. d4 Nf6 2. c4 d6 3. Nc3 g6 4. e4 Bg7 5. Be2 O-O 6. Bg5 Nc6 7. d5 Ne5 8. Nf3
Nxf3+ 9. Bxf3 Bd7 10. O-O c6 11. Rc1 Rc8 12. Qe2 Qa5 13. Bd2 Qa6 14. b3 Rfe8
15. dxc6 Bxc6 16. a4 Nd7 17. Qd1 Qb6 18. Nd5 Bxd5 19. exd5 Rc7 20. Bg4 Nc5 21.
Rb1 a5 22. Qe1 Ra8 23. Qe3 Qa7 24. h4 Bf6 25. h5 Qb6 26. hxg6 hxg6 27. Rfe1 Nd7
28. Qh3 Ne5 29. Be3 Qb4 30. Be2 Nd7 31. g3 Qc3 32. Kg2 Nf8 33. Bg4 Ra6 34. Rh1
Bg7 35. Rhc1 Qe5 36. Re1 Qc3 37. Bg5 Bf6 38. Re3 Qd4 39. Rd1 Qb2 40. Re2 Qc3
41. Rc1 Qd4 42. Bf4 Bg7 43. Rd2 Qf6 44. Be3 Qe5 45. Bd4 Qg5 46. Be3 Qe5 47. Rh1
Qc3 48. Bd1 Nd7 49. Rd4 f5 50. Rh4 Nf8 51. g4 f4 52. Bxf4 Qxh3+ 53. R4xh3 Rb6
54. Be3 Ra6 55. Bc2 Rc8 56. f4 Kf7 57. f5 gxf5 58. Bxf5 Rc5 59. Rf3 Kg8 60. Re1
Rc7 61. g5 Be5 62. Be4 e6 63. Ref1 Ra8 64. dxe6 Nxe6 65. Bd5 Re8 66. g6 Kh8 67.
Rf7 Rce7 68. Rh1+ Kg8 69. Rhh7 1-0

[Event "XXXII Festival Conca della Presolana Magistrale"]
[Site "Bratto - Castione della Presolana ITA"]
[Date "2012.08.25"]
[Round "8"]
[White "Gentili, Gianguido"]
[Black "Lavorgna, Giovanni"]
[WhiteElo "2169"]
[BlackElo "2091"]
[Result "1-0"]
[PlyCount "57"]
[EventDate "2012.08.18"]

1. d4 Nf6 2. Nf3 g6 3. g3 Bg7 4. Bg2 O-O 5. O-O d5 6. b3 c5 7. Bb2 Nc6 8. e3
Bf5 9. a3 Qb6 10. Nc3 cxd4 11. exd4 Rac8 12. Na4 Qc7 13. Rc1 Rfd8 14. Re1 Ne4
15. Nh4 Nd6 16. g4 Be4 17. f3 Bf6 18. fxe4 Bxh4 19. exd5 Bxe1 20. Qxe1 Nb8 21.
c4 Ne8 22. Qe2 Nf6 23. Nc3 Qf4 24. Rf1 Qxd4+ 25. Kh1 Qc5 26. Nb5 a6 27. Bd4
axb5 28. Bxc5 Rxc5 29. Qxe7 1-0

[Event "XXXII Festival Conca della Presolana Magistrale"]
[Site "Bratto - Castione della Presolana ITA"]
[Date "2012.08.25"]
[Round "8"]
[White "Gerola, Fausto"]
[Black "Moncelli, Giorgio"]
[WhiteElo "2199"]
[BlackElo "2070"]
[Result "1/2-1/2"]
[PlyCount "78"]
[EventDate "2012.08.18"]

1. e4 e5 2. Nf3 Nf6 3. Nxe5 d6 4. Nf3 Nxe4 5. d4 d5 6. Bd3 Bd6 7. c4 c6 8. Nc3
Nxc3 9. bxc3 O-O 10. O-O Bg4 11. cxd5 cxd5 12. h3 Bh5 13. Re1 Nd7 14. Bd2 Rc8
15. Rb1 Nb6 16. Qc2 Bg6 17. Rb3 Rc7 18. Re2 Nc4 19. Bxg6 hxg6 20. Qd3 Re8 21.
Bg5 Qd7 22. Rb1 Rxe2 23. Qxe2 Na3 24. Rc1 Rc8 25. Bd2 Re8 26. Qd3 Nc4 27. Bg5
Qa4 28. Qc2 Qd7 29. Qd3 Qc7 30. Re1 Rxe1+ 31. Nxe1 Bf4 32. Bxf4 Qxf4 33. Qe2
Qc1 34. Qe8+ Kh7 35. Kh2 Qf4+ 36. Kg1 f6 37. Nf3 Qc1+ 38. Kh2 Qf4+ 39. Kg1 Qc1+
1/2-1/2

[Event "XXXII Festival Conca della Presolana Magistrale"]
[Site "Bratto - Castione della Presolana ITA"]
[Date "2012.08.25"]
[Round "8"]
[White "Jerez Perez, Alfonso"]
[Black "Esposito, Luca"]
[WhiteElo "2412"]
[BlackElo "2256"]
[Result "1/2-1/2"]
[PlyCount "66"]
[EventDate "2012.08.18"]

1. e4 c5 2. Nf3 e6 3. c3 Nf6 4. e5 Nd5 5. d4 cxd4 6. cxd4 d6 7. a3 Bd7 8. Bd3
Bc6 9. O-O Nd7 10. Re1 Rc8 11. b4 a6 12. Ng5 dxe5 13. dxe5 Be7 14. Qg4 Ne3 15.
Bxe3 Nxe5 16. Qh5 Qxd3 17. Nxe6 Qg6 18. Nf4 Qxh5 19. Nxh5 O-O 20. Bd4 f6 21.
Bxe5 fxe5 22. Nd2 Bd8 23. Nb3 Be8 24. Ng3 Bb6 25. Ne4 Rc2 26. Nbc5 Bc6 27. f3
Bxe4 28. Rxe4 Rd8 29. Rxe5 Rdd2 30. Rg5 h6 31. Rg4 Bxc5+ 32. bxc5 Rxc5 33. h4
h5 1/2-1/2

[Event "XXXII Festival Conca della Presolana Magistrale"]
[Site "Bratto - Castione della Presolana ITA"]
[Date "2012.08.25"]
[Round "8"]
[White "Lanzani, Mario"]
[Black "Ramondino, Renzo"]
[WhiteElo "2291"]
[BlackElo "2231"]
[Result "1/2-1/2"]
[PlyCount "35"]
[EventDate "2012.08.18"]

1. d4 Nf6 2. c4 g6 3. g3 Bg7 4. Bg2 O-O 5. Nc3 d6 6. Nf3 Nbd7 7. O-O e5 8. dxe5
dxe5 9. h3 c6 10. Be3 Qe7 11. Qb3 Re8 12. Rfd1 h6 13. Nd2 Nf8 14. Nde4 Nxe4 15.
Nxe4 Ne6 16. Nd6 Rd8 17. Nxc8 Rdxc8 18. Rd2 1/2-1/2

[Event "XXXII Festival Conca della Presolana Magistrale"]
[Site "Bratto - Castione della Presolana ITA"]
[Date "2012.08.25"]
[Round "8"]
[White "Negro, Roberto"]
[Black "Ceccarini, Marco"]
[WhiteElo "2117"]
[BlackElo "2058"]
[Result "0-1"]
[PlyCount "50"]
[EventDate "2012.08.18"]

1. d4 f5 2. b3 Nf6 3. Bb2 g6 4. e3 Bg7 5. Be2 d6 6. h4 h6 7. Nh3 Be6 8. Qd3 Qd7
9. Nc3 c6 10. Bf3 d5 11. Ne2 g5 12. hxg5 hxg5 13. g4 fxg4 14. Qg6+ Bf7 15. Qxg7
Rg8 16. Qh6 gxh3 17. Rg1 g4 18. Bh1 Na6 19. Nf4 Nb4 20. Kd2 Qf5 21. Rgc1 O-O-O
22. a3 Rh8 23. Qg7 Rh7 24. Qxh7 Nxh7 25. axb4 a6 0-1

[Event "XXXII Festival Conca della Presolana Magistrale"]
[Site "Bratto - Castione della Presolana ITA"]
[Date "2012.08.25"]
[Round "8"]
[White "Panchanathan, Magesh Chandran"]
[Black "Mirzoev, Azer"]
[WhiteElo "2564"]
[BlackElo "2545"]
[Result "1/2-1/2"]
[PlyCount "145"]
[EventDate "2012.08.18"]

1. e4 e5 2. Nf3 Nc6 3. Bb5 Nf6 4. O-O Nxe4 5. d4 Nd6 6. Bxc6 dxc6 7. dxe5 Ne4
8. Qxd8+ Kxd8 9. Re1 Nc5 10. Nc3 Bg4 11. Nd4 Ne6 12. Be3 Bb4 13. h3 Nxd4 14.
Bxd4 Be6 15. a3 Bxc3 16. Bxc3 b6 17. g4 h5 18. f3 Kc8 19. Kg2 Kb7 20. Kg3 Rh7
21. Re2 Rah8 22. Rg1 hxg4 23. hxg4 Rh3+ 24. Kf2 c5 25. Rg3 R3h4 26. Bd2 a5 27.
Bf4 Kc6 28. Rg1 b5 29. Rd2 b4 30. Rgd1 Rh1 31. Kg3 Kb5 32. Kg2 Rxd1 33. Rxd1
bxa3 34. bxa3 Ka4 35. Bc1 c4 36. Kg3 c5 37. Bb2 Kb5 38. Bc3 g5 39. Bd2 Rg8 40.
Rb1+ Ka4 41. Rb6 Kxa3 42. Bxa5 Ka2 43. Bc3 Rd8 44. Rb2+ Ka3 45. Rb1 Ka4 46. Rh1
Kb5 47. Kf2 Ra8 48. Bd2 Ra2 49. Rc1 c3 50. Bxc3 Bb3 51. Bd2 Rxc2 52. Rxc2 Bxc2
53. Bxg5 Kc6 54. Bc1 Kd7 55. Kg3 c4 56. Bb2 Bd1 57. f4 Ke6 58. Bc3 Be2 59. Kh4
Bd1 60. Kg5 Be2 61. f5+ Ke7 62. Kf4 Ke8 63. Bb4 Bd1 64. g5 Bc2 65. e6 fxe6 66.
fxe6 Bd3 67. Ke5 Bc2 68. Kf6 Be4 69. Bc3 Bd3 70. g6 Be4 71. Bb4 Bd3 72. Kg5 Be4
73. g7 1/2-1/2

[Event "XXXII Festival Conca della Presolana Magistrale"]
[Site "Bratto - Castione della Presolana ITA"]
[Date "2012.08.25"]
[Round "8"]
[White "Pantaleoni, Claudio"]
[Black "Anuprita, Patil"]
[WhiteElo "2161"]
[BlackElo "2123"]
[Result "1-0"]
[PlyCount "59"]
[EventDate "2012.08.18"]

1. Nf3 d5 2. d4 Nf6 3. c4 c6 4. Nc3 dxc4 5. e4 b5 6. e5 Nd5 7. a4 e6 8. Ng5 Be7
9. h4 h6 10. Nge4 b4 11. Nb1 c3 12. bxc3 bxc3 13. Nbxc3 Nxc3 14. Nxc3 Bb4 15.
Rh3 Nd7 16. Qg4 g6 17. Bd2 Bb7 18. Bd3 h5 19. Qf4 Bxc3 20. Bxc3 c5 21. dxc5 Qc7
22. Rc1 Rc8 23. Rg3 Qxc5 24. Bb5 O-O 25. Bxd7 Rc7 26. Bxe6 Kg7 27. Qf6+ Kh7 28.
Bxf7 Rcxf7 29. Qxg6+ Kh8 30. e6+ 1-0

[Event "XXXII Festival Conca della Presolana Magistrale"]
[Site "Bratto - Castione della Presolana ITA"]
[Date "2012.08.25"]
[Round "8"]
[White "Qendro, Llambi"]
[Black "Gagliardi, Christian"]
[WhiteElo "2328"]
[BlackElo "2217"]
[Result "1/2-1/2"]
[PlyCount "81"]
[EventDate "2012.08.18"]

1. d4 Nf6 2. c4 e6 3. Nf3 d5 4. cxd5 exd5 5. Nc3 c6 6. Bg5 Be7 7. Qc2 Bg4 8.
Ne5 Bh5 9. e3 Nbd7 10. Bf4 Nxe5 11. Bxe5 Bg6 12. Bd3 Bxd3 13. Qxd3 O-O 14. O-O
Bd6 15. Bxd6 Qxd6 16. f3 Rad8 17. Rad1 Rfe8 18. Rfe1 Re7 19. Ne2 Qb4 20. Qc3
Qb6 21. Ng3 g6 22. h4 Rde8 23. Nf1 Qa6 24. a3 Qb6 25. a4 a6 26. Rb1 Ra8 27. Qc5
Qd8 28. Qc3 Ne8 29. Nd2 Nd6 30. e4 dxe4 31. fxe4 Qd7 32. Rbd1 f5 33. e5 Ne8 34.
Nc4 Rd8 35. Nb6 Qe6 36. Qc4 Qxc4 37. Nxc4 Red7 38. Na5 Rxd4 39. Rxd4 Rxd4 40.
Nxb7 Rxa4 41. Nd6 1/2-1/2

[Event "XXXII Festival Conca della Presolana Magistrale"]
[Site "Bratto - Castione della Presolana ITA"]
[Date "2012.08.25"]
[Round "8"]
[White "Radice, Luca"]
[Black "Montani, Francesco"]
[WhiteElo "2029"]
[BlackElo "2214"]
[Result "0-1"]
[PlyCount "68"]
[EventDate "2012.08.18"]

1. d4 d5 2. c4 Nc6 3. cxd5 Qxd5 4. e3 e5 5. Nc3 Bb4 6. Bd2 Bxc3 7. bxc3 Nf6 8.
c4 Qd6 9. d5 Ne7 10. Qb3 c5 11. Bd3 e4 12. Bc2 O-O 13. Ne2 Bf5 14. Nc3 a6 15.
a4 b6 16. Qb1 Qe5 17. Qxb6 Rab8 18. Qa5 Qd6 19. Ne2 Rb2 20. Qc3 Rfb8 21. Bc1
R2b7 22. a5 h5 23. Ba3 h4 24. h3 Ng6 25. Nc1 Ne5 26. Ke2 Bg6 27. Nb3 Nd3 28.
Nc1 Qd7 29. f4 Nh5 30. Bxd3 Ng3+ 31. Kf2 Nxh1+ 32. Kg1 exd3 33. Kxh1 Be4 34.
Nxd3 Qxh3+ 0-1

[Event "XXXII Festival Conca della Presolana Magistrale"]
[Site "Bratto - Castione della Presolana ITA"]
[Date "2012.08.25"]
[Round "8"]
[White "Ranieri, Fabrizio"]
[Black "Maiorov, Nikita"]
[WhiteElo "2287"]
[BlackElo "2554"]
[Result "0-1"]
[PlyCount "90"]
[EventDate "2012.08.18"]

1. e4 e5 2. Nf3 Nc6 3. d4 exd4 4. Nxd4 Bc5 5. Nxc6 Qf6 6. Qd2 bxc6 7. Nc3 Ne7
8. Bd3 d6 9. Na4 Bd4 10. c3 Bb6 11. O-O O-O 12. Nxb6 axb6 13. a3 Ba6 14. Bxa6
Rxa6 15. Qd3 Raa8 16. a4 c5 17. Bd2 Ng6 18. f4 Rfe8 19. b4 Nf8 20. a5 bxa5 21.
bxa5 Qe6 22. Rfe1 c4 23. Qd4 Nd7 24. f5 Qe5 25. Qxc4 Qc5+ 26. Qd4 Rxa5 27. Rxa5
Qxa5 28. c4 Qc5 29. Bc3 f6 30. Kf1 Qxd4 31. Bxd4 c5 32. Bc3 Nb6 33. Kf2 Nxc4
34. Kf3 Ra8 35. Rc1 Ra2 36. h4 h5 37. g3 Kf7 38. Rb1 Ra3 39. Rc1 g6 40. fxg6+
Kxg6 41. Kf2 Ra2+ 42. Kf3 f5 43. Be1 Ne5+ 44. Ke3 fxe4 45. Kxe4 Re2+ 0-1

[Event "XXXII Festival Conca della Presolana Magistrale"]
[Site "Bratto - Castione della Presolana ITA"]
[Date "2012.08.25"]
[Round "8"]
[White "Reduzzi, Maurizio"]
[Black "Marguerettaz, Davy"]
[WhiteElo "2103"]
[BlackElo "2214"]
[Result "1-0"]
[PlyCount "30"]
[EventDate "2012.08.18"]

1. Nf3 d5 2. d4 Nf6 3. c4 c6 4. e3 g6 5. Nc3 Bg7 6. Be2 O-O 7. O-O Bg4 8. cxd5
Nxd5 9. Qb3 Nxc3 10. bxc3 Qc7 11. Ba3 Re8 12. Ng5 Be6 13. Nxe6 fxe6 14. Rab1 b5
15. Qxe6+ Kh8 1-0